• 首页
  • 本馆介绍
  • 公告通知
  • 最新文献
  • 馆藏检索
  • 电子资源
  • 读者导购
  • 参考咨询
  • 我的图书馆
  • 登录
  • 详细信息显示
  • 放入我的书架
  • 预约/预借图书
  • 作者相关作品
  • 分类相关作品
  • 丛书相关作品
  • 出版社相关作品

书目信息

  • 表格格式
  • 工作单格式
  • 卡片格式
题名:
社会信用体系运行机制研究
    
 
作者: 李新庚 著
分册:  
出版信息: 北京   中国社会出版社  2017
页数: 343页
开本: 24cm
丛书名: 当代人文经典书库
单 册:
中图分类: F830.5
科图分类:
主题词: 信用制度--研究
电子资源:
ISBN: 978-7-5087-5702-5
000 00981oam2 2200253 450
001 012001001599
005 20140921103355.0
010    @a978-7-5087-5702-5@b精装@dCNY78.00
100    @a20180315d2017 em y0chiy50 ea
101 0  @achi
102    @aCN@b110000
105    @ay z 000yy
106    @ar
200 1  @a社会信用体系运行机制研究@9she hui xin yong ti xi yun xing ji zhi yan jiu@f李新庚著
210    @a北京@c中国社会出版社@d2017
215    @a343页@d24cm
225 1  @a当代人文经典书库
330    @a本书是国家社会科学基金研究项目成果。在社会信用体系建设过程中,建立征信和评信制度是核心,培养全民的信用意识是基础,健全信用中介服务机构是桥梁,完善信用法律和监管体系是保障。本书提出市场发育与政府培育有机结合,建设符合市场经济发展特点的社会信用体系运行机制。
461  0 @12001 @a当代人文经典书库
606 0  @a信用制度@x研究
690    @aF830.5@v5
701  0 @a李新庚@9li xin geng@f(1962-)@4著
801  0 @aCN@b上海新华@c20180901
905    @b1156685-9@dF830.5@e422@f5
    
    社会信用体系运行机制研究/李新庚著.-北京:中国社会出版社,2017
    343页;24cm.-(当代人文经典书库)
    
    
    ISBN 978-7-5087-5702-5(精装):CNY78.00
    本书是国家社会科学基金研究项目成果。在社会信用体系建设过程中,建立征信和评信制度是核心,培养全民的信用意识是基础,健全信用中介服务机构是桥梁,完善信用法律和监管体系是保障。本书提出市场发育与政府培育有机结合,建设符合市场经济发展特点的社会信用体系运行机制。
●
相关链接 在E读中查询图书 在五车中查询图书 在当当中查询图书 在豆瓣中查询图书


正题名:社会信用体系运行机制研究     索取号:F830.5/422         预约/预借

序号 登录号 条形码 馆藏地/架位号 状态 备注
1 1156685   211566857   第一样本阅览室/ [索取号:F830.5/422] 在馆    
2 1156686   211566866   第一借阅区/ [索取号:F830.5/422] 在馆    
3 1156687   211566875   第一借阅区/ [索取号:F830.5/422] 在馆    
4 1156688   211566884   第一借阅区/ [索取号:F830.5/422] 在馆    
5 1156689   211566893   密集书库-海洋学院/ [索取号:F830.5/422] 在馆    
唐山师范学院图书馆 欢迎您!
大连网信软件有限公司© 版权所有